000 00843nam a2200265Ia 4500
003 OSt
005 20220930093234.0
006 a|||||r|||| 00| 0
007 ta
008 220926b |||||||| |||| 00| 0 eng d
024 _a35676
037 _cTheses
040 _aCRL
_cCRL
_beng
041 _2eng
_aeng
100 _aSHARMA Mukul Au.
_9551314
110 _aUniversity of Delhi. Arts. Political Science
_9551315
245 0 _aCaste, Dalits and Ecological Politics in India.
260 _c2016
300 _a290p.
_ap.
_ccm.
700 _a Prof. Pradip Kumar Datta Gu.
_9548422
700 _a Prof. Ujjwal Kumar Singh Gu.
_9548432
700 _aUniversity of Delhi. Arts. Political Science
_9551316
942 _cDIS
_2CC
999 _c885062
_d885062